01147nam a2200277Ia 4500001001200000003000800012006001900020007001500039008004100054010001700095020002200112040002100134035002000155050002300175082001900198100002500217245017100242260005700413300001100470533015200481650002700633650003700660655002900697710001700726856012600743ebr10082052CaPaEBRm u cr cn|||||||||041015s2005 mau s 000 0 eng d z 2004115265 z1592006485 (pbk.) aCaPaEBRcCaPaEBR a(OCoLC)7945997114aTR821b.L69 2005eb04a778.9/97962221 aLowrance, G. Newman.10aDigital sports photographyh[electronic resource] /cG. Newman Lowrance with contributions by Andy Hayt, Jon Hayt, and Keviun Terrell ; foreword by Peter Read Miller. aBoston, MA :bThomson Course Technology PTR,cc2005. a256 p. aElectronic reproduction.bPalo Alto, Calif. :cebrary,d2009.nAvailable via World Wide Web.nAccess may be limited to ebrary affiliated libraries. 0aPhotography of sports. 0aPhotographyxDigital techniques. 7aElectronic books.2local2 aebrary, Inc.40uhttp://site.ebrary.com/lib/rucke/Doc?id=10082052zAn electronic book accessible through the World Wide Web; click to view